| 000 | 01453nam a2200325 c 4500 | ||
|---|---|---|---|
| 999 |
_c168010 _d168010 |
||
| 003 | BLK | ||
| 005 | 20220616145916.0 | ||
| 008 | 180411b bul|||||r ||||||| ||bul|| | ||
| 010 | _aKNG00175870000 | ||
| 040 | _aBLK | ||
| 041 |
_aBUL _cBUL |
||
| 080 |
_aГеографско разпространение на животните. Зоогеография. Фауна. Подразделя се чрез определителите за място (Табл. Ie). Вж и 591.5 _b591.9 _x(98) _z591.9(98) |
||
| 100 | 1 |
_aЙилсетър, Свен _eпърви автор _973343 |
|
| 139 |
_aЙилсетър, Свен _bИ 47 |
||
| 245 | 1 | 0 |
_aВълна след вълна _bПътешествие сред животните от полярния кръг _cСвен Йилсетър; прев. от швед. Светослав Колев. |
| 257 | _aBGR | ||
| 260 |
_bДърж. изд. _c1968 _aВарна |
||
| 300 |
_a183 с. _bс к., 32 л. : ил. _c22 см |
||
| 380 | _a5 | ||
| 490 |
_aБиблиотека Нептун _v1 _9205192 |
||
| 650 | 4 |
_aЖивотни - географско разпределение _9278159 |
|
| 653 | _aполярни области | ||
| 653 | _aживотни | ||
| 700 | 1 |
_aКолев, Светослав _eпрев. от швед. _9367902 |
|
| 852 |
_aЦб 47072 _bЦб |
||
| 856 | 4 | _qpdf | |
| 856 | 4 | _qpdf | |
| 942 |
_cKNG _n0 _s1 |
||
| 944 |
_aCR _c27.05.2015 _kРенета_Константинова |
||
| 944 |
_aED _c24.06.2016 _kНора_Радева |
||
| 944 |
_aED _c2022-06-16 _kВП |
||
| 999 | _d168010 | ||